Courses Cyclistes - Mort Subite - Statistiques

Statistiques générales
  • Ce quiz a été pris 71 fois
  • Le résultat moyen est 5 sur 16
Answers on the Grid
Answers color-coded by a green-red scale on the quiz's grid according to % correct below.
Tour de France
Giro di Como
Paris-Camembert
Coppi et Bartali
Tour du Hengzhou
Grand Prix d'Anatolie
Les Trois Vallées Forezines
Trofej Umag
Tour of Sharjah
Tour du Limousin
La Route Adélie
Ronde van Wallonia
Critérium du Beaujolais
La Roue Tourangelle
Bretagne Classic
Tro Bro Lannion
Grand Prix Cycliste de Ottawa
Grand Prix de Fourmies
Vuelta a Catalunia
GP van Nokere
Yorkshire - Price Wiggins
Grand Prix de Liévin
Itzulia Basque Country
Tour Franco-Belge
Chimay-Binche-Chimay
La Flèche Ardennaise
Arctic Race of Norway
Cadel Evans Great Ocean Price
Zwift Deutschland Tour
Düsseldorf Cyclassics
Czech Tour
Crete-Rhodes Tour
 
Statistiques - réponses
Réponse % Correct
Tour de France
100%
Tour du Limousin
64%
Bretagne Classic
43%
Paris-Camembert
40%
Grand Prix de Fourmies
36%
Vuelta a Catalunia
36%
Coppi et Bartali
29%
La Route Adélie
26%
Arctic Race of Norway
24%
Itzulia Basque Country
24%
La Roue Tourangelle
24%
GP van Nokere
19%
Czech Tour
12%
Tour of Sharjah
12%
Trofej Umag
12%
Tour Franco-Belge
7%
Aucun quiz correspondant
Distribution des résultats
% des personnes avec chaque résultat
Percentile par nombre de réponses
Votre historique - résultats
Vous n’avez pas pris ce quiz